Roald Dahl Book by Illustration Quiz Stats

Quiz Updated Sep 13, 2016

Challenge
Share
Tweet
Score 0/13 Timer 04:00
3 Plays Today
% Correct
The Enormous Crocodile
96.6%
Fantastic Mr. Fox
96%
The Giraffe and the Pelly and Me
95.8%
Matilda
94.6%
Charlie and the Chocolate Factory
94%
The Witches
93.7%
The BFG
89.6%
Danny the Champion of the World
88.2%
Charlie and the Great Glass Elevator
87.9%
James and the Giant Peach
87.4%
George's Marvelous Medicine
85.9%
Esio Trot
79%
The Twits
73.2%

You're not logged in!

Compare scores with friends on all Sporcle quizzes.
Join for Free
OR
Log In

You Might Also Like...

Show Comments

Extras

Top Quizzes Today


Score Distribution

Your Account Isn't Verified!

In order to create a playlist on Sporcle, you need to verify the email address you used during registration. Go to your Sporcle Settings to finish the process.

Report this User

Report this user for behavior that violates our Community Guidelines.

Details: